000 01216nam a2200325Ia 4500
001 ebr10309149
003 CaPaEBR
006 m u
007 cr cn|||||||||
008 081031s2009 nyu sb 001 0 eng d
010 _z 2008047998
020 _z9781933864228 (hardcover : alk. paper)
020 _z1933864222 (hardcover : alk. paper)
040 _aCaPaEBR
_cCaPaEBR
035 _a(OCoLC)424554826
050 1 4 _aRJ486.5
_b.C45 2009eb
082 0 4 _a618.92/8
_222
245 0 0 _aClinical pediatric neurology
_h[electronic resource] /
_cedited by Ronald B. David.
250 _a3rd ed.
260 _aNew York :
_bDemos Medical Pub.,
_cc2009.
300 _axvi, 622 p.
504 _aIncludes bibliographical references and index.
533 _aElectronic reproduction.
_bPalo Alto, Calif. :
_cebrary,
_d2009.
_nAvailable via World Wide Web.
_nAccess may be limited to ebrary affiliated libraries.
650 0 _aPediatric neurology.
650 0 _aNeurology.
655 7 _aElectronic books.
_2local
700 1 _aDavid, Ronald B.
710 2 _aebrary, Inc.
856 4 0 _uhttp://site.ebrary.com/lib/rucke/Doc?id=10309149
_zAn electronic book accessible through the World Wide Web; click to view
999 _c61178
_d61178